• 首页
  • 本馆介绍
  • 公告通知
  • 最新文献
  • 馆藏检索
  • 电子资源
  • 读者导购
  • 参考咨询
  • 我的图书馆
  • 登录
  • 详细信息显示
  • 放入我的书架
  • 预约/预借图书
  • 作者相关作品
  • 分类相关作品
  • 丛书相关作品
  • 出版社相关作品

书目信息

  • 表格格式
  • 工作单格式
  • 卡片格式
题名:
房地产营销标准化日志
    
 
作者: 陈桂林 编著
分册:  
出版信息: 北京   中国建筑工业出版社  2014
页数: 334页
开本: 27cm
丛书名:
单 册:
中图分类: F293.352-65 , F293.35
科图分类:
主题词: 房地产市场--市场营销学--标准化
电子资源:
ISBN: 978-7-112-16732-6
000 00939nam0 2200229 450
001 2361270142
005 20231202170147.88
010    @a978-7-112-16732-6@b精装@dCNY118.00
100    @a20140901d2014 em y0chiy50 ea
101 0  @achi
102    @aCN@b110000
105    @aak z 000yy
200 1  @a房地产营销标准化日志@Afang di chan ying xiao biao zhun hua ri zhi@f陈桂林编著
210    @a北京@c中国建筑工业出版社@d2014
215    @a334页@c图@d27cm
330    @a本书通过总结万科、龙湖等品牌开发商的标准化, 分享房地产营销策划过程各个环节的内容要点, 建立完善的房地产运营过程中营销策划的标准化体系。包括目标确定、各部门岗位职责、营销全程、市调及方案撰写、项目定位、项目体验区、项目营销执行、项目案场管理、专题说明等各个环节内容要点。
606 0  @a房地产市场@x市场营销学@x标准化
690    @aF293.352-65@v5
690    @aF293.35@v4
701  0 @a陈桂林@Achen gui lin@4编著
801  0 @aCN@b湖北三新@c20140901
905    @aZUCC@dF293.35@e17
    
    房地产营销标准化日志/陈桂林编著.-北京:中国建筑工业出版社,2014
    334页:图;27cm
    
    
    ISBN 978-7-112-16732-6(精装):CNY118.00
    本书通过总结万科、龙湖等品牌开发商的标准化, 分享房地产营销策划过程各个环节的内容要点, 建立完善的房地产运营过程中营销策划的标准化体系。包括目标确定、各部门岗位职责、营销全程、市调及方案撰写、项目定位、项目体验区、项目营销执行、项目案场管理、专题说明等各个环节内容要点。
●
相关链接 在五车中查询图书 在当当中查询图书 在豆瓣中查询图书


正题名:房地产营销标准化日志     索取号:F293.35/17         预约/预借

序号 登录号 条形码 馆藏地/架位号 状态 备注
1 2001286795   2001286795   三新/湖北三新(第三批)/876/ [索取号:F293.35/17] 在馆    
2 2001286796   2001286796   三新/湖北三新(第三批)/876/ [索取号:F293.35/17] 在馆    
3 2001286797   2001286797   三新/湖北三新(第三批)/876/ [索取号:F293.35/17] 在馆    
4 2001286798   2001286798   三新/湖北三新(第三批)/876/ [索取号:F293.35/17] 在馆    
5 2001286799   2001286799   三新/湖北三新(第三批)/876/ [索取号:F293.35/17] 在馆    
6 2001286800   2001286800   三新/湖北三新(第三批)/876/ [索取号:F293.35/17] 在馆    
7 2001286801   2001286801   三新/湖北三新(第三批)/877/ [索取号:F293.35/17] 在馆    
8 2001286802   2001286802   三新/湖北三新(第三批)/877/ [索取号:F293.35/17] 在馆    
9 2001286803   2001286803   三新/湖北三新(第三批)/877/ [索取号:F293.35/17] 在馆    
10 2001286804   2001286804   三新/湖北三新(第三批)/877/ [索取号:F293.35/17] 在馆    
11 2001286805   2001286805   三新/湖北三新(第三批)/877/ [索取号:F293.35/17] 在馆    
12 2001286806   2001286806   三新/湖北三新(第三批)/877/ [索取号:F293.35/17] 在馆    
13 2001286807   2001286807   三新/湖北三新(第三批)/877/ [索取号:F293.35/17] 在馆    
14 2001286808   2001286808   三新/湖北三新(第三批)/877/ [索取号:F293.35/17] 在馆    
15 2001286809   2001286809   三新/湖北三新(第三批)/877/ [索取号:F293.35/17] 在馆    
16 2001286810   2001286810   三新/湖北三新(第三批)/877/ [索取号:F293.35/17] 在馆    
17 2001286811   2001286811   三新/湖北三新(第三批)/877/ [索取号:F293.35/17] 在馆    
18 2001286812   2001286812   三新/湖北三新(第三批)/877/ [索取号:F293.35/17] 在馆    
19 2001286813   2001286813   三新/湖北三新(第三批)/877/ [索取号:F293.35/17] 在馆    
20 2001286814   2001286814   三新/湖北三新(第三批)/877/ [索取号:F293.35/17] 在馆    
21 2001286815   2001286815   三新/湖北三新(第三批)/877/ [索取号:F293.35/17] 在馆    
22 2001286816   2001286816   三新/湖北三新(第三批)/877/ [索取号:F293.35/17] 在馆    
23 2001286817   2001286817   三新/湖北三新(第三批)/877/ [索取号:F293.35/17] 在馆    
24 2001286818   2001286818   三新/湖北三新(第三批)/877/ [索取号:F293.35/17] 在馆    
25 2001286819   2001286819   三新/湖北三新(第三批)/877/ [索取号:F293.35/17] 在馆    
26 2001286820   2001286820   三新/湖北三新(第三批)/877/ [索取号:F293.35/17] 在馆    
27 2001286821   2001286821   三新/湖北三新(第三批)/877/ [索取号:F293.35/17] 在馆    
28 2001286822   2001286822   三新/湖北三新(第三批)/877/ [索取号:F293.35/17] 在馆    
29 2001286823   2001286823   三新/湖北三新(第三批)/877/ [索取号:F293.35/17] 在馆    
30 2001286824   2001286824   三新/湖北三新(第三批)/877/ [索取号:F293.35/17] 在馆    
山东省滨州职业学院图书馆 欢迎您!
大连网信软件有限公司© 版权所有